Португальско-русский политехнический словарь: Ок. 36 000 терминов
| Hlavní autor: | |
|---|---|
| Další autoři: | |
| Shrnutí: | Загл. на доп.тит.л.: Dicionario politecnico portugues-russo. На пер. авт. не указаны |
| Jazyk: | ruština portugalština |
| Vydáno: |
Москва, Русский язык, 1981
|
| Vydání: | 2-е изд., стереотип. |
| Témata: | |
| Médium: | MixedMaterials Kniha |
| KOHA link: | https://koha.lib.tpu.ru/cgi-bin/koha/opac-detail.pl?biblionumber=307894 |
MARC
| LEADER | 00000nam0a2200000 4500 | ||
|---|---|---|---|
| 001 | 307894 | ||
| 005 | 20231102002035.0 | ||
| 020 | |a RU |b 81-71019 | ||
| 035 | |a (RuTPU)RU\TPU\book\333202 | ||
| 090 | |a 307894 | ||
| 100 | |a 20151027d1981 km y0rusy5003 ca | ||
| 101 | 0 | |a rus |a por | |
| 102 | |a RU | ||
| 105 | |a y e 000zy | ||
| 200 | 1 | |a Португальско-русский политехнический словарь |e Ок. 36 000 терминов |f В. С. Матвеев, К. Г. Асриянц |g под ред. Ж. С. Энграсиа Гама де Оливейра | |
| 205 | |a 2-е изд., стереотип. | ||
| 210 | |a Москва |c Русский язык |d 1981 | ||
| 215 | |a 568 с. | ||
| 300 | |a Загл. на доп.тит.л.: Dicionario politecnico portugues-russo. | ||
| 300 | |a На пер. авт. не указаны | ||
| 500 | 1 | 0 | |a Dicionario politecnico portugues-russo |
| 510 | 1 | |a Dicionario politecnico portugues-russo. |z por | |
| 606 | 1 | |a Португальский язык |2 stltpush |3 (RuTPU)RU\TPU\subj\50885 |9 69515 | |
| 606 | 1 | |a Алмазы |x Минералогия |2 stltpush |3 (RuTPU)RU\TPU\subj\72273 |9 85837 | |
| 610 | 1 | |a португальско-русские словари | |
| 610 | 1 | |a техника | |
| 610 | 1 | |a политехнические словари | |
| 610 | 1 | |a лексика | |
| 610 | 1 | |a термины | |
| 675 | |a 549.21(035) |v 3 | ||
| 686 | |a Ш147.22 |2 rubbk | ||
| 700 | 1 | |a Матвеев |b В. С. |g Владимир Семенович |4 070 | |
| 701 | 1 | |a Асриянц |b К. Г. |g Константин Гургенович |4 070 | |
| 801 | 0 | |a RU |b RuMRKP |c 19950704 |g psbo | |
| 801 | 1 | |a RU |b 63413507 |c 20151027 | |
| 801 | 2 | |a RU |b 63413507 |c 20220803 |g RCR | |
| 942 | |c BK | ||